00285nam a2200109Ia 4500008004100000100002900041245003400070260003700104650001000141942000700151999001700158190216s9999||||xx |||||||||||||| ||und|| aSree Krishna Alana Halli 0aBujangayyande Dashavadarangal bMathrubhumi Printing &publishing aNovel cBK c26591d26591